GETS Theological Seminary Library

基督教與清季中國的教育與社會 (Record no. 18808)

MARC details
000 -LEADER
fixed length control field 00692nam a2200217Ia 4500
008 - FIXED-LENGTH DATA ELEMENTS--GENERAL INFORMATION
fixed length control field 200825s9999||||xx |||||||||||||| ||und||
020 ## - INTERNATIONAL STANDARD BOOK NUMBER
International Standard Book Number 9577272711
020 ## - INTERNATIONAL STANDARD BOOK NUMBER
International Standard Book Number 9789577272713
041 ## - LANGUAGE CODE
Language code of text/sound track or separate title chi
050 ## - LIBRARY OF CONGRESS CALL NUMBER
Classification number BR1285
Item number .W344 2006
100 ## - MAIN ENTRY--PERSONAL NAME
Personal name 王樹槐
245 #0 - TITLE STATEMENT
Title 基督教與清季中國的教育與社會
Remainder of title /
Statement of responsibility, etc. 王樹槐
246 ## - VARYING FORM OF TITLE
Title proper/short title 基督教与清季中国的教育与社会
Remainder of title /
260 ## - PUBLICATION, DISTRIBUTION, ETC.
Place of publication, distribution, etc. 台北 :
Name of publisher, distributor, etc. 基督教宇宙光全人關懷機構,
Date of publication, distribution, etc. 2006
300 ## - PHYSICAL DESCRIPTION
Extent 233 p.
Other physical details ;
Dimensions 21 cm.
490 ## - SERIES STATEMENT
Series statement 馬禮遜入華宣教200年紀念文集
Volume/sequential designation v. 4
650 ## - SUBJECT ADDED ENTRY--TOPICAL TERM
Topical term or geographic name entry element China Church history 19th century.
650 ## - SUBJECT ADDED ENTRY--TOPICAL TERM
Topical term or geographic name entry element Christian publishing China.
650 ## - SUBJECT ADDED ENTRY--TOPICAL TERM
Topical term or geographic name entry element Christianity.
Holdings
Withdrawn status Lost status Damaged status Not for loan Home library Current library Shelving location Date acquired Total Checkouts Full call number Barcode Date last seen Date last checked out Price effective from Koha item type
        GETS Theological Seminary Library GETS Theological Seminary Library General Stacks 08/25/2020 2 BR1285 .W344 2006 00006164 12/05/2023 09/18/2023 08/25/2020 Chinese Book
OpacCredits

Contact the Librarian, GETS Library
Email: library@mygets.org









Implemented by GETS Library
(Powered by ETCA Professional Group)
GETS Theological Seminary
412 E. Rowland Street, CA 91723